| 000 | 00459nam a2200181Ia 4500 | ||
|---|---|---|---|
| 003 | GCL | ||
| 008 | 140319s9999 xx 000 0 eng d | ||
| 040 |
_aGCL / _cGCL |
||
| 082 | 0 | 4 |
_a635 _bA P |
| 100 | 1 | _aASIEDU, J. J | |
| 245 | 1 | 0 |
_aPROCESSING TROPICAL CROPS: A TECHNOLOGICAL APPROACH / _cASIEDU, J. J |
| 260 |
_a[S.N] : _bELBS ، _c1989 |
||
| 300 | _a266 P | ||
| 650 | 0 | 4 | _aTROPICAL CROPS |
| 650 | 0 | 4 | _aCROPS |
| 650 | 0 | 4 | _aAGRICULTURE |
| 942 |
_2ddc _cBK |
||
| 999 |
_c19859 _d19859 |
||